[Event "N� LL 2004/05"]
[Site "?"]
[Date "2005.04.03"]
[Round "10"]
[White "Mahdy, Khaled"]
[Black "Weiss, Christian"]
[Result "0-1"]
[WhiteElo "2339"]
[BlackElo "2383"]
[Annotator "P�chlarn : Waidhofen"]
[PlyCount "60"]

1. e4 e6 2. d4 d5 3. Nd2 Nf6 4. e5 Nfd7 5. Bd3 c5 6. c3 Nc6 7. Ne2 cxd4 8. cxd4
f6 9. exf6 Nxf6 10. O-O Bd6 11. Nf3 O-O 12. Bg5 Qb6 13. Nc3 Bd7 14. a3 Be8 15.
Re1 Bh5 16. Rxe6 Bxf3 17. gxf3 Nxd4 18. Be3 Bxh2+ 19. Kxh2 Qc7+ 20. Re5 Qxe5+
21. f4 Qd6 22. Bxd4 Qxf4+ 23. Kh3 Rae8 24. Ne2 Qg4+ 25. Kh2 Nh5 26. Ng3 Rf3 27.
Bf5 Qh4+ 28. Kg1 Nxg3 29. Qxf3 Ne2+ 30. Kf1 Nxd4 {
Rest nicht lesbar, 0:1 im 33.Zug} 0-1

[Event "N� LL 2004/05"]
[Site "?"]
[Date "2005.04.03"]
[Round "10"]
[White "Knoll, Hermann"]
[Black "Svanda, Pavel"]
[Result "1-0"]
[WhiteElo "2351"]
[BlackElo "2277"]
[Annotator "P�chlarn : Waidhofen"]
[PlyCount "117"]

1. d4 Nf6 2. Nf3 d5 3. c4 g6 4. Nc3 Bg7 5. Bg5 Ne4 6. cxd5 Nxg5 7. Nxg5 e6 8.
Qd2 h6 9. Nh3 exd5 10. Nf4 O-O 11. e3 c5 12. dxc5 d4 13. exd4 Qxd4 14. Qxd4
Bxd4 15. Nfd5 Nc6 16. Be2 Bxc5 17. O-O Nb4 18. Rfd1 Nxd5 19. Nxd5 Be6 20. Rac1
Rac8 21. Bf3 Kg7 22. Kf1 Bd6 23. b3 b5 24. Ne3 Bf4 25. Ke2 Rxc1 26. Rxc1 Rc8
27. Rxc8 Bxc8 28. g3 Bd6 29. Bc6 b4 30. Kd3 Ba6+ 31. Kd4 Kf6 32. Ng4+ Kg5 33.
f3 Be7 34. Ke5 f5 35. h4+ Kh5 36. Ne3 f4 37. Kxf4 Bd6+ 38. Ke4 Bxg3 39. Nd5 Be1
40. Nf4+ Kxh4 41. Ng2+ Kg3 42. Nxe1 g5 43. Kf5 Kf2 44. Kg6 Be2 45. Kxh6 g4 46.
fxg4 Bxg4 47. Nd3+ Ke3 48. Nxb4 Kd4 49. Na6 Bc8 50. Nc7 Kc5 51. Ba4 Kb4 52. Kg5
Ka3 53. Kf4 Kxa2 54. Ke5 a6 55. Kd4 Ka3 56. Kc3 Bg4 57. Bc6 Be2 58. b4 Bf1 59.
Na8 1-0

[Event "N� LL 2004/05"]
[Site "?"]
[Date "2005.04.03"]
[Round "10"]
[White "Rosenauer, Harald"]
[Black "Pernerstorfer, Johannes"]
[Result "0-1"]
[WhiteElo "1992"]
[BlackElo "2046"]
[Annotator "P�chlarn : Waidhofen"]
[PlyCount "116"]

1. Nf3 b6 2. e4 Bb7 3. Nc3 e6 4. d3 d5 5. Qe2 d4 6. Nb1 c5 7. g3 Nc6 8. Bg2 Be7
9. O-O Nf6 10. a4 O-O 11. Na3 e5 12. Nh4 g6 13. f4 exf4 14. Bxf4 Nh5 15. Bh6
Bxh4 16. Bxf8 Bg5 17. Bxc5 bxc5 18. Nc4 Qe7 19. e5 Rf8 20. Rae1 Nd8 21. Bxb7
Qxb7 22. Qe4 Qxe4 23. Rxe4 Ng7 24. h4 Be7 25. Kg2 Nc6 26. Kh3 Nb4 27. Rf2 Nd5
28. g4 Ne6 29. Kg3 Bd8 30. g5 Bc7 31. Kg4 Nb6 32. Nxb6 axb6 33. b3 Rd8 34. Re1
Rd5 35. Rfe2 Ng7 36. Kh3 Kf8 37. a5 bxa5 38. Ra1 Ke7 39. Re4 Ke6 40. Rf4 Nf5
41. Re4 Ne3 42. c3 Nf5 43. cxd4 Nxd4 44. Rf1 Nf5 45. Rd1 Bxe5 46. Ra4 Bc3 47.
Re4+ Kd7 48. Kg4 Nd6 49. Rf4 Be5 50. Ra4 Nf5 51. Kf3 Bc7 52. Rc4 Nd4+ 53. Kg4
Rf5 54. Rdc1 Bd6 55. Ra1 Rf3 56. Rg1 Rxd3 57. h5 Nf3 58. hxg6 hxg6 0-1

[Event "N� LL 2004/05"]
[Site "?"]
[Date "2005.04.03"]
[Round "10"]
[White "Gattermayer, Robert"]
[Black "Kropik, Martin"]
[Result "1-0"]
[WhiteElo "2061"]
[BlackElo "2076"]
[Annotator "P�chlarn : Waidhofen"]
[PlyCount "63"]

1. e4 c5 2. Nc3 Nc6 3. d3 g6 4. Be3 d6 5. g3 Bg7 6. Qd2 e6 7. Bg2 Rb8 8. Rb1 b5
9. Nge2 b4 10. Nd1 Nd4 11. Nc1 Ne7 12. O-O O-O 13. Nb3 a5 14. f4 Qc7 15. c3
Nxb3 16. axb3 Bd7 17. Nf2 a4 18. bxa4 Bxa4 19. c4 Bd7 20. d4 cxd4 21. Bxd4 e5
22. Be3 Qxc4 23. Qxd6 Qe6 24. Bc5 Rfe8 25. Rfd1 Ba4 26. Qxe6 fxe6 27. b3 Bc6
28. Bd6 Rb6 29. fxe5 Bb7 30. Rbc1 Nc6 31. Ng4 Na5 32. Rc7 1-0

[Event "N� LL 2004/05"]
[Site "?"]
[Date "2005.04.03"]
[Round "10"]
[White "Weissenbeck, Manuel"]
[Black "Hangweyrer, Manfred"]
[Result "0-1"]
[WhiteElo "2227"]
[BlackElo "2331"]
[Annotator "Stockerau : Mauerbach"]
[PlyCount "66"]

1. d4 d5 2. c4 e6 3. Nc3 Be7 4. Nf3 Nf6 5. Bg5 O-O 6. e3 a6 7. Qc2 Nbd7 8. Bd3
h6 9. Bh4 dxc4 10. Bxc4 b5 11. Be2 c5 12. O-O cxd4 13. Nxd4 Bb7 14. a3 Rc8 15.
Rfd1 Ne4 16. Bf3 Nxc3 17. Bxb7 Nxd1 18. Bxe7 Rxc2 19. Bxd8 Rxb2 20. Be7 Rb8 21.
Bxa6 Nc3 22. Bb4 Nd5 23. Bxb5 Nxb4 24. axb4 Rxb4 25. Bf1 Rb1 26. Ra7 Ne5 27. g3
g6 28. Kg2 R8b2 29. h3 Re1 30. Ra5 Rxe3 31. Ne2 Rexe2 32. Bxe2 Rxe2 33. Kf1 Re4
0-1

[Event "N� LL 2004/05"]
[Site "?"]
[Date "2005.04.03"]
[Round "10"]
[White "Gr�tz, Harald"]
[Black "Penz, Harald"]
[Result "1/2-1/2"]
[WhiteElo "2305"]
[BlackElo "2269"]
[Annotator "Stockerau : Mauerbach"]
[PlyCount "161"]

1. e4 e5 2. Nf3 Nf6 3. Nxe5 d6 4. Nf3 Nxe4 5. d4 d5 6. Bd3 Nc6 7. O-O Be7 8. c4
Nb4 9. Be2 dxc4 10. Bxc4 O-O 11. Nc3 Nd6 12. Bb3 Bf6 13. a3 Nc6 14. Nd5 Bg4 15.
Be3 Nf5 16. Rc1 Nh4 17. Kh1 Kh8 18. Bf4 Bxd4 19. Bxc7 Qd7 20. Bg3 Nxf3 21. gxf3
Bh3 22. Rg1 Bxb2 23. Rc4 g6 24. Rh4 Be6 25. Qb1 Bxd5 26. Qxb2+ Kg8 27. Bxd5
Qxd5 28. Qf6 Rfe8 29. Rf4 Rad8 30. Bh4 Rd6 31. Qb2 Qe5 32. Qxe5 Rxe5 33. Bf6
Ree6 34. Bc3 f6 35. h4 Kf7 36. h5 Rd5 37. hxg6+ hxg6 38. Rb1 b6 39. Kg2 Rc5 40.
Bb4 Nxb4 41. axb4 Rb5 42. Rc1 a6 43. Rc8 f5 44. Rd4 a5 45. bxa5 bxa5 46. Ra8
Kf6 47. Rd7 Kg5 48. Kg3 Rb3 49. Rxa5 Re4 50. Kg2 Rf4 51. Ra6 Rbxf3 52. Rd2 Kh5
53. Rad6 g5 54. R6d3 g4 55. Rxf3 Rxf3 56. Ra2 Kg5 57. Rb2 Ra3 58. Rc2 f4 59.
Kh2 Rh3+ 60. Kg1 Rh8 61. Rc5+ Kh4 62. Rf5 f3 63. Rf7 Rd8 64. Kh2 Rd2 65. Rh7+
Kg5 66. Kg3 Rd1 67. Rg7+ Kf5 68. Rf7+ Kg5 69. Rg7+ Kf5 70. Rf7+ Kg6 71. Ra7
Rg1+ 72. Kf4 Rg2 73. Ra6+ Kf7 74. Ke3 Rg1 75. Kf4 Rg2 76. Ke3 Rh2 77. Rb6 g3
78. fxg3 f2 79. Rb1 Rg2 80. Rf1 Rxg3+ 81. Kxf2 1/2-1/2

[Event "N� LL 2004/05"]
[Site "?"]
[Date "2005.04.03"]
[Round "10"]
[White "Bechmann, Gerhard"]
[Black "Sadilek, Maximilian"]
[Result "0-1"]
[WhiteElo "2065"]
[BlackElo "2085"]
[Annotator "Stockerau : Mauerbach"]
[PlyCount "88"]

1. f4 e5 2. d3 Nc6 3. Nf3 exf4 4. Bxf4 d5 5. c3 Bd6 6. Qd2 Nf6 7. g3 Bg4 8. Bg2
O-O 9. O-O Nh5 10. Bxd6 Qxd6 11. Na3 Rae8 12. Rf2 a6 13. Nc2 f5 14. e3 Rf6 15.
Raf1 Rh6 16. Bh1 Nxg3 17. hxg3 Qxg3+ 18. Rg2 Rxh1+ 19. Kxh1 Bxf3 20. Kg1 Bxg2
21. Qxg2 Qxg2+ 22. Kxg2 g6 23. Kf3 Ne5+ 24. Ke2 Ng4 25. Rf3 Kg7 26. a4 h5 27.
b4 Kf6 28. Nd4 h4 29. Kd2 Rh8 30. Rh3 Ne5 31. e4 dxe4 32. dxe4 f4 33. Ke2 g5
34. Nf5 Rd8 35. Nd4 Ng6 36. Kf3 Ke5 37. Rh1 Nh8 38. Re1 Nf7 39. Kg4 Rh8 40.
Nf3+ Kf6 41. e5+ Kg6 42. Nd4 h3 43. e6 Nd6 44. Nf3 h2 0-1

[Event "N� LL 2004/05"]
[Site "?"]
[Date "2005.04.03"]
[Round "10"]
[White "Schmid, Thomas"]
[Black "Thoma, Wilhelm"]
[Result "0-1"]
[WhiteElo "2152"]
[BlackElo "2126"]
[Annotator "Stockerau : Mauerbach"]
[PlyCount "42"]

1. e4 c5 2. Nf3 d6 3. d4 cxd4 4. Nxd4 Nf6 5. Nc3 g6 6. Be3 Bg7 7. f3 Nc6 8. Qd2
O-O 9. O-O-O d5 10. Qe1 e5 11. Nxc6 bxc6 12. exd5 Nxd5 13. Ne4 Qc7 14. Bc5 Rd8
15. g4 Be6 16. Bc4 Nf4 17. Bd6 Qb6 18. Bxe6 Nxe6 19. g5 Nd4 20. Qf2 Rxd6 21. c3
Nf5 0-1

[Event "N� LL 2004/05"]
[Site "?"]
[Date "2005.04.03"]
[Round "10"]
[White "Rumpl, Erwin"]
[Black "Heimberger, Reinhard"]
[Result "1/2-1/2"]
[WhiteElo "2244"]
[BlackElo "2284"]
[Annotator "B�hlerwerk : Amstetten"]
[PlyCount "30"]

1. d4 Nf6 2. c4 g6 3. Nc3 Bg7 4. e4 d6 5. Nf3 O-O 6. Be2 e5 7. O-O Nc6 8. d5
Ne7 9. b4 Nh5 10. c5 Nf4 11. Bxf4 exf4 12. Rc1 h6 13. Nd4 Kh8 14. a4 Ng8 15. a5
Nf6 1/2-1/2

[Event "N� LL 2004/05"]
[Site "?"]
[Date "2005.04.03"]
[Round "10"]
[White "Dornauer, Joachim"]
[Black "Mittermayr, Gerhard"]
[Result "1/2-1/2"]
[WhiteElo "2072"]
[BlackElo "2133"]
[Annotator "B�hlerwerk : Amstetten"]
[PlyCount "36"]

1. e4 c5 2. Nf3 d6 3. d4 cxd4 4. Nxd4 Nf6 5. Nc3 g6 6. Be3 Bg7 7. f3 O-O 8. Qd2
Nc6 9. Bc4 Bd7 10. Bb3 Rc8 11. O-O-O Ne5 12. h4 h5 13. Bh6 Bxh6 14. Qxh6 Rxc3
15. bxc3 Qa5 16. Kb1 Rc8 17. g4 Nc4 18. Bxc4 Rxc4 1/2-1/2

[Event "N� LL 2004/05"]
[Site "?"]
[Date "2005.04.03"]
[Round "10"]
[White "Wadsack, Wolfgang"]
[Black "Brandst�tter, Friedrich"]
[Result "1-0"]
[WhiteElo "2178"]
[BlackElo "2116"]
[Annotator "B�hlerwerk : Amstetten"]
[PlyCount "45"]

1. e4 c5 2. c3 d5 3. exd5 Qxd5 4. d4 e6 5. Nf3 Nf6 6. Bd3 Nc6 7. O-O Be7 8. Be3
cxd4 9. cxd4 O-O 10. Nc3 Qd6 11. a3 a6 12. Rc1 b5 13. Ne4 Nxe4 14. Bxe4 Bb7 15.
Ne5 Nd8 16. Bxb7 Nxb7 17. Qf3 Na5 18. Bd2 Qxd4 19. Bc3 Qd6 20. Rfd1 Qb8 21. Nd7
Qc7 22. Nxf8 Rxf8 23. Bxg7 1-0

[Event "N� LL 2004/05"]
[Site "?"]
[Date "2005.04.03"]
[Round "10"]
[White "Strobel, Ferdinand"]
[Black "Wadsack, Winfried"]
[Result "0-1"]
[WhiteElo "2028"]
[BlackElo "2090"]
[Annotator "B�hlerwerk : Amstetten"]
[PlyCount "102"]

1. f4 d5 2. Nf3 Nf6 3. g3 c6 4. c3 Bg4 5. Bg2 Nbd7 6. O-O Qb6+ 7. Kh1 O-O-O 8.
d4 Ne4 9. Nbd2 f6 10. Nxe4 dxe4 11. Nh4 Qb5 12. a4 Qh5 13. Rf2 g5 14. fxg5 fxg5
15. Nf5 e5 16. Bxe4 exd4 17. cxd4 Nf6 18. Bf3 Bd6 19. Qd3 Rhg8 20. Bd2 Rd7 21.
Rc1 Bxf3+ 22. exf3 Bc7 23. Kg2 Nd5 24. Ne3 Nf4+ 25. gxf4 gxf4+ 26. Ng4 Qh4 27.
Qf5 h5 28. Bxf4 hxg4 29. Bg3 Qh3+ 30. Kg1 Bxg3 31. hxg3 Rh8 32. Rfc2 Qxg3+ 33.
Rg2 Qxf3 34. Qxf3 gxf3 35. Rg4 Re8 36. Rf1 Re2 37. Rf2 Rde7 38. b4 R7e4 39.
Rxe4 Rxe4 40. Rd2 Kc7 41. Kf2 Rf4 42. Ke3 Rf7 43. Rf2 Kd6 44. Ke4 a6 45. b5
axb5 46. axb5 cxb5 47. d5 b4 48. Kd4 b5 49. Ke4 b3 50. Kd3 b2 51. Kc2 Kxd5 0-1

[Event "N� LL 2004/05"]
[Site "?"]
[Date "2005.03.13"]
[Round "9"]
[White "Hangweyrer, Manfred"]
[Black "Heimberger, Reinhard"]
[Result "1/2-1/2"]
[WhiteElo "2331"]
[BlackElo "2284"]
[Annotator "B�hlerwerk : Stockerau"]
[PlyCount "38"]

1. e4 c5 2. g3 d6 3. Bg2 Nf6 4. d3 g6 5. f4 Bg7 6. Nf3 O-O 7. O-O Nc6 8. Nh4 d5
9. e5 Ne8 10. Nc3 Nc7 11. Bd2 f6 12. exf6 exf6 13. Rb1 Be6 14. f5 Bf7 15. fxg6
hxg6 16. a3 a5 17. Ne2 Ne6 18. c3 Ne5 19. Bc1 Qd7 1/2-1/2

[Event "N� LL 2004/05"]
[Site "?"]
[Date "2005.03.13"]
[Round "9"]
[White "Loidl, Florian"]
[Black "Gr�tz, Harald"]
[Result "1-0"]
[WhiteElo "2020"]
[BlackElo "2305"]
[Annotator "B�hlerwerk : Stockerau"]
[PlyCount "176"]

1. e4 c5 2. Nc3 d6 3. Nge2 Nc6 4. g3 g6 5. Bg2 Bg7 6. O-O e6 7. d3 Nge7 8. Be3
Nd4 9. Qd2 O-O 10. Nd1 d5 11. c3 Nxe2+ 12. Qxe2 d4 13. Bg5 h6 14. Bxe7 Qxe7 15.
c4 e5 16. f4 exf4 17. gxf4 Bd7 18. Nf2 Qh4 19. Qf3 Rae8 20. Qg3 Qxg3 21. hxg3
b5 22. b3 bxc4 23. bxc4 Rb8 24. Rab1 Ba4 25. Rfc1 f6 26. Bf3 Kf7 27. Bd1 Bc6
28. g4 Ke7 29. f5 g5 30. Nh1 Rfe8 31. Ng3 Kf7 32. Kf2 Bf8 33. Bc2 Bd6 34. Nh5
Bc7 35. Rxb8 Rxb8 36. Rb1 Rxb1 37. Bxb1 Ba4 38. Ke2 Ba5 39. Ng3 Ke7 40. Nh5 Bb4
41. e5 fxe5 42. Ng3 Kf6 43. Nh5+ Kf7 44. Ng3 Kf8 45. Ne4 Kg7 46. Ng3 Kf7 47.
Ne4 Ke7 48. Ng3 Kd8 49. Ne4 Kc7 50. Nf6 Ba5 51. Ne4 Bb6 52. Kd2 Be8 53. Bc2 Bf7
54. Bd1 Ba5+ 55. Kc2 Bb6 56. Bf3 Be8 57. Kb3 Bc6 58. Be2 Kd8 59. Bd1 Ke7 60.
Bf3 Be8 61. Be2 Bd7 62. Bf3 Kf7 63. Ng3 Bd8 64. Be2 Be7 65. Bf3 Ke8 66. Bd5 Kd8
67. Bf3 Kc7 68. a3 Kb6 69. Bd1 Ka5 70. Kb2 Bd8 71. Ne4 Kb6 72. Ng3 Bc6 73. Ne4
Be7 74. Ka2 Kc7 75. Kb2 Be8 76. Ka2 Bd7 77. Ng3 Bd6 78. Ne4 Bf8 79. Kb2 Kd8 80.
Kc1 h5 81. Kb2 hxg4 82. Bxg4 Be7 83. Kb3 Bc8 84. Ka4 Bb7 85. f6 Bc6+ 86. Ka5
Bf8 87. Nxg5 Bd6 88. Ka6 Ba4 1-0

[Event "N� LL 2004/05"]
[Site "?"]
[Date "2005.03.13"]
[Round "9"]
[White "Batyte, Daiva"]
[Black "Brandst�tter, Friedrich"]
[Result "1-0"]
[WhiteElo "2180"]
[BlackElo "2116"]
[Annotator "B�hlerwerk : Amstetten"]
[PlyCount "117"]

1. e4 c5 2. c3 d5 3. exd5 Qxd5 4. d4 e6 5. Nf3 Nf6 6. Be2 Nc6 7. O-O Be7 8. Be3
cxd4 9. c4 Qd6 10. Nxd4 Bd7 11. Nc3 Nxd4 12. Qxd4 Bc6 13. Rfd1 Qxd4 14. Bxd4
O-O 15. a3 a5 16. Nb5 a4 17. Rac1 Nd7 18. c5 Bf6 19. Nd6 Ra5 20. Bxf6 Nxf6 21.
Bf3 Nd5 22. Rd4 g6 23. h4 h5 24. Rcc4 Rfa8 25. Bd1 Kf8 26. f4 Ne3 27. Rc3 Nxd1
28. Rxd1 Ke7 29. Re1 Rd8 30. f5 gxf5 31. Nxf5+ Kf6 32. Ng3 Kg6 33. Ne2 Kh6 34.
Nf4 Rd4 35. g3 Re4 36. Rxe4 Bxe4 37. Re3 Bg6 38. Rc3 Rb5 39. Rc4 Rxb2 40. Rxa4
Rb3 41. Kf2 Bf5 42. Rb4 Bc2 43. Ne2 e5 44. Rxb3 Bxb3 45. Nc3 Kg6 46. a4 Kf5 47.
a5 Bc4 48. Ke3 f6 49. Na4 Bb5 50. Nb6 Bc6 51. Nc4 Kg4 52. Kf2 Kf5 53. Nd6+ Ke6
54. g4 hxg4 55. h5 f5 56. h6 Kf6 57. Nxf5 Kg6 58. Ne7+ Kxh6 59. Nxc6 1-0

[Event "N� LL 2004/05"]
[Site "?"]
[Date "2005.04.17"]
[Round "11"]
[White "Stadler, Peter"]
[Black "Weninger, Robert"]
[Result "1/2-1/2"]
[WhiteElo "2141"]
[BlackElo "2032"]
[Annotator "Ternitz/Gloggnitz : B�hlerwerk"]
[PlyCount "80"]

1. d4 Nf6 2. Nf3 g6 3. g3 Bg7 4. Bg2 O-O 5. O-O d6 6. c4 Nc6 7. Nc3 Re8 8. d5
Nb8 9. h3 e5 10. e4 a5 11. Be3 Na6 12. a3 Bd7 13. Ne1 b6 14. Qc2 Nc5 15. b3 Nh5
16. Nd3 f5 17. Bxc5 bxc5 18. b4 axb4 19. axb4 cxb4 20. Nxb4 Qg5 21. Nd3 f4 22.
g4 Nf6 23. f3 h5 24. Nf2 hxg4 25. fxg4 Qh4 26. Nb5 Qg3 27. Qd3 Bxb5 28. cxb5
Qxd3 29. Nxd3 Reb8 30. g5 Nh5 31. Rxa8 Rxa8 32. Rc1 Ra7 33. Nb4 Ng3 34. Bf3 Ra3
35. Rxc7 Rxf3 36. b6 Rb3 37. Rc4 Rb1+ 38. Kg2 Rb2+ 39. Kf3 Rb3+ 40. Kg2 Rb2+
1/2-1/2

[Event "N� LL 2004/05"]
[Site "?"]
[Date "2005.04.17"]
[Round "11"]
[White "Degen, Gerhard"]
[Black "Brandst�tter, Friedrich"]
[Result "1-0"]
[WhiteElo "2097"]
[BlackElo "2116"]
[Annotator "Ternitz/Gloggnitz : B�hlerwerk"]
[PlyCount "111"]

1. e4 c5 2. Nf3 Nc6 3. Bb5 Qc7 4. Nc3 e6 5. Bxc6 Qxc6 6. d4 cxd4 7. Nxd4 Qc7 8.
O-O a6 9. Re1 d6 10. Bg5 Be7 11. Bxe7 Nxe7 12. Qh5 Qc5 13. Qxc5 dxc5 14. Nf3
Bd7 15. Rad1 O-O-O 16. Ne5 Rhf8 17. Nxd7 Rxd7 18. Na4 Rd4 19. Nxc5 Rfd8 20.
Rxd4 Rxd4 21. Nb3 Rd7 22. f4 Nc6 23. c3 Kc7 24. Kf2 Kb6 25. Ke2 Kb5 26. Rd1 Rc7
27. Nd4+ Nxd4+ 28. Rxd4 a5 29. a4+ Kb6 30. Kd3 Re7 31. Rd6+ Kc5 32. Rd8 Kb6 33.
e5 h5 34. g3 Kc5 35. Rd4 f6 36. b4+ axb4 37. cxb4+ Kc6 38. Rd6+ Kc7 39. Kc4
fxe5 40. fxe5 g5 41. Kc5 h4 42. a5 hxg3 43. hxg3 g4 44. b5 Re8 45. b6+ Kc8 46.
Rd4 Rg8 47. Rf4 Rd8 48. Rd4 Rg8 49. Rd6 Re8 50. Kd4 Rf8 51. Rxe6 Rf3 52. Rg6
Rxg3 53. Kd5 Rd3+ 54. Ke6 g3 55. Rg8+ Rd8 56. Rxg3 1-0

[Event "N� LL 2004/05"]
[Site "?"]
[Date "2005.04.17"]
[Round "11"]
[White "Gr�tz, Harald"]
[Black "Rumpl, Erwin"]
[Result "1/2-1/2"]
[WhiteElo "2305"]
[BlackElo "2244"]
[Annotator "Amstetten : Stockerau"]
[PlyCount "97"]

1. e4 c5 2. Nf3 Nc6 3. d4 cxd4 4. Nxd4 Nf6 5. Nc3 e5 6. Ndb5 d6 7. Bg5 a6 8.
Na3 b5 9. Nd5 Be7 10. Bxf6 Bxf6 11. c3 O-O 12. Nc2 Bg5 13. a4 bxa4 14. Rxa4 a5
15. Bc4 Rb8 16. b3 Kh8 17. O-O f5 18. exf5 Bxf5 19. Nce3 Bg6 20. Qg4 e4 21. Qe2
Ne5 22. Rfa1 Qc8 23. Rxa5 Bh4 24. Rf1 Nd3 25. f4 exf3 26. Rxf3 Rxf3 27. Qxf3
Ne5 28. Qe2 Bf7 29. b4 Bxd5 30. Rxd5 Bg5 31. Bd3 Qxc3 32. b5 Nxd3 33. Rxd3 Qc5
34. h4 Bxh4 35. Rd5 Qc1+ 36. Nf1 Bf6 37. Qd2 Qxd2 38. Nxd2 Be5 39. Nc4 Kg8 40.
Nxe5 dxe5 41. Rxe5 Rf8 42. Rc5 Rf4 43. Rc7 Rb4 44. Rb7 Rb2 45. Kh2 Rb3 46. b6
h5 47. Rb8+ Kh7 48. g3 Kg6 49. Kg2 1/2-1/2

[Event "N� LL 2004/05"]
[Site "?"]
[Date "2005.04.17"]
[Round "11"]
[White "Wadsack, Wolfgang"]
[Black "Hangweyrer, Manfred"]
[Result "1/2-1/2"]
[WhiteElo "2178"]
[BlackElo "2331"]
[Annotator "Amstetten : Stockerau"]
[PlyCount "53"]

1. e4 c6 2. d4 d5 3. exd5 cxd5 4. c4 Nf6 5. Nc3 g6 6. cxd5 Bg7 7. Qb3 O-O 8.
Bg5 Nbd7 9. Bd3 Nb6 10. Bxf6 Bxf6 11. Nge2 e6 12. d6 Bg7 13. O-O Qxd6 14. Nb5
Qd8 15. Rac1 Nd5 16. Be4 a6 17. Bxd5 axb5 18. Bf3 Qb6 19. Rc5 b4 20. Rc4 Qa5
21. Rxb4 Qxa2 22. Qxa2 Rxa2 23. Bxb7 Bxb7 24. Rxb7 Rc8 25. Nc3 Ra6 26. Rb4 Rd8
27. Rd1 1/2-1/2

[Event "N� LL 2004/05"]
[Site "?"]
[Date "2005.04.17"]
[Round "11"]
[White "Schmid, Thomas"]
[Black "Mittermayr, Gerhard"]
[Result "0-1"]
[WhiteElo "2152"]
[BlackElo "2133"]
[Annotator "Amstetten : Stockerau"]
[PlyCount "90"]

1. e4 e6 2. d4 d5 3. Nd2 Nf6 4. e5 Nfd7 5. Bd3 c5 6. c3 cxd4 7. cxd4 Nc6 8. Ne2
Qb6 9. Nf3 Bb4+ 10. Kf1 f6 11. exf6 Nxf6 12. h4 e5 13. Nh2 O-O 14. Be3 e4 15.
Bc2 Bd6 16. g3 Bh3+ 17. Kg1 Rac8 18. Bb3 Na5 19. Nc3 Nc4 20. Qe2 Qa5 21. Rc1 b5
22. Bg5 Be6 23. Kg2 a6 24. Rhd1 h6 25. Be3 Qd8 26. a4 Qd7 27. axb5 Nxe3+ 28.
Qxe3 axb5 29. Ne2 Rxc1 30. Rxc1 Bb8 31. Ng1 Kh8 32. Qc3 Ng4 33. Nxg4 Bxg4 34.
Qe1 Bf3+ 35. Nxf3 exf3+ 36. Kh2 Re8 37. Qf1 Qg4 38. Bxd5 Qxh4+ 39. Qh3 Qxd4 40.
Bxf3 Qxf2+ 41. Bg2 Qxb2 42. Rc8 Bxg3+ 43. Kxg3 Qe5+ 44. Kf2 Qe1+ 45. Kf3 Qe3+
0-1

[Event "N� LL 2004/05"]
[Site "?"]
[Date "2005.04.17"]
[Round "11"]
[White "Bachmayer, Josef"]
[Black "Sadilek, Maximilian"]
[Result "1-0"]
[WhiteElo "2088"]
[BlackElo "2085"]
[Annotator "Amstetten : Stockerau"]
[PlyCount "87"]

1. d4 Nf6 2. Nc3 e6 3. Bg5 d5 4. Nf3 Be7 5. Qd2 Nbd7 6. O-O-O c6 7. e3 b5 8.
Bd3 a5 9. Rhe1 a4 10. Nb1 b4 11. e4 h6 12. Bh4 Nxe4 13. Bxe4 Bxh4 14. Nxh4 Qxh4
15. g3 Qf6 16. Bg2 Rb8 17. f4 O-O 18. Qe3 Ba6 19. Nd2 c5 20. Nf3 Rfc8 21. Kb1
c4 22. Bf1 b3 23. Rc1 Qe7 24. f5 Nf8 25. fxe6 Nxe6 26. Qc3 Rb6 27. Qa5 Rcb8 28.
axb3 axb3 29. Qxd5 Qb4 30. Re5 Qa4 31. Qa5 Qd7 32. d5 Qd6 33. Qe1 Nc5 34. Re8+
Kh7 35. Qe5 Rxe8 36. Qxe8 Qxd5 37. Qe3 Re6 38. Qc3 Ne4 39. Qb4 Rb6 40. Qxb6 c3
41. Qxa6 bxc2+ 42. Kxc2 Nc5 43. Qc4 Qf5+ 44. Bd3 1-0

[Event "N� LL 2004/05"]
[Site "?"]
[Date "2005.04.17"]
[Round "11"]
[White "Sulyok, Michael"]
[Black "Mahdy, Khaled"]
[Result "1/2-1/2"]
[WhiteElo "2161"]
[BlackElo "2339"]
[Annotator "Waidhofen : Baden"]
[PlyCount "78"]

1. c4 g6 2. Nc3 Bg7 3. d4 c5 4. dxc5 Na6 5. Be3 Nh6 6. Nf3 Ng4 7. Bd2 Nxc5 8.
h3 Nf6 9. Qc2 d6 10. e4 O-O 11. Bd3 a6 12. O-O Be6 13. Nd4 Bd7 14. Be3 Rc8 15.
Rac1 e5 16. Nb3 Na4 17. Qe2 Nxc3 18. Rxc3 Nh5 19. Rd1 Nf4 20. Qf1 Qg5 21. Kh2
Qh5 22. Rd2 f5 23. Bc2 fxe4 24. Bxe4 Bc6 25. Bxc6 Rxc6 26. Na5 Rc7 27. g3 e4
28. Bxf4 Bxc3 29. bxc3 Qxa5 30. Bxd6 Qxc3 31. Re2 Qxc4 32. Bxc7 Qxc7 33. Rxe4
Qc2 34. Re2 Qf5 35. Qg2 Qf3 36. Qf1 Qd5 37. Qe1 Qf3 38. Qd2 Rf7 39. h4 Kg7
1/2-1/2

[Event "N� LL 2004/05"]
[Site "?"]
[Date "2005.04.17"]
[Round "11"]
[White "Svanda, Pavel"]
[Black "Zojer, Thomas"]
[Result "0-1"]
[WhiteElo "2277"]
[BlackElo "1982"]
[Annotator "Waidhofen : Baden"]
[PlyCount "70"]

1. e4 c5 2. Nf3 Nc6 3. d4 cxd4 4. Nxd4 Nf6 5. Nc3 e5 6. Ndb5 d6 7. Bg5 a6 8.
Na3 b5 9. Nd5 Be7 10. Bxf6 Bxf6 11. c3 O-O 12. Nc2 Bg5 13. a4 bxa4 14. Rxa4 a5
15. Bc4 Rb8 16. b3 Kh8 17. Nce3 g6 18. g4 f5 19. gxf5 gxf5 20. Nxf5 Bxf5 21.
exf5 e4 22. Be2 Qe8 23. h4 Bd8 24. Rc4 Rxf5 25. Ne3 Rf6 26. Ng4 Rg6 27. h5 Rg7
28. Qxd6 Rxb3 29. O-O Rb6 30. Qf4 Bc7 31. Rxe4 Ne5 32. Rd1 Re6 33. Kf1 Nxg4 34.
Rxe6 Qxe6 35. Bxg4 Qxg4 0-1

[Event "N� LL 2004/05"]
[Site "?"]
[Date "2005.04.17"]
[Round "11"]
[White "Szvetits, Rene"]
[Black "Kropik, Martin"]
[Result "1/2-1/2"]
[WhiteElo "1994"]
[BlackElo "2076"]
[Annotator "Waidhofen : Baden"]
[PlyCount "39"]

1. e4 c5 2. Nf3 Nc6 3. d4 cxd4 4. Nxd4 g6 5. Nc3 Bg7 6. Be3 Nf6 7. Be2 O-O 8.
O-O d5 9. exd5 Nxd5 10. Nxd5 Qxd5 11. Nxc6 bxc6 12. Qxd5 cxd5 13. Bf3 Rb8 14.
Bxd5 Rxb2 15. Bb3 a5 16. Rab1 Rxb1 17. Rxb1 Bc3 18. Rd1 Bf5 19. f3 Rc8 20. g4
1/2-1/2

[Event "N� LL 2004/05"]
[Site "?"]
[Date "2005.04.17"]
[Round "11"]
[White "Rosenauer, Harald"]
[Black "Zojer, Stefan"]
[Result "1-0"]
[WhiteElo "1992"]
[BlackElo "1986"]
[Annotator "Waidhofen : Baden"]
[PlyCount "35"]

1. Nc3 d5 2. e4 c6 3. g3 Nf6 4. Bg2 d4 5. Nb1 d3 6. cxd3 Qxd3 7. Qe2 Qd4 8. Nc3
e5 9. Nf3 Qd6 10. O-O Bg4 11. h3 Bh5 12. g4 Bg6 13. d4 Nbd7 14. dxe5 Nxe5 15.
Nxe5 Qxe5 16. f4 Bc5+ 17. Be3 Qe7 18. f5 1-0

[Event "N� LL 2004/05"]
[Site "?"]
[Date "2005.04.17"]
[Round "11"]
[White "Ganaus, Hannes"]
[Black "Knoll, Hermann"]
[Result "1/2-1/2"]
[WhiteElo "2330"]
[BlackElo "2351"]
[Annotator "St.P�lten : P�chlarn"]
[PlyCount "120"]

1. e4 e5 2. Nf3 Nc6 3. Bb5 a6 4. Ba4 Nf6 5. O-O Be7 6. Bxc6 dxc6 7. d3 Nd7 8.
Nc3 O-O 9. Ne2 f6 10. Ng3 Nc5 11. Re1 Re8 12. d4 exd4 13. Nxd4 Ne6 14. Ndf5 Bf8
15. Qf3 Nd4 16. Nxd4 Qxd4 17. c3 Qc4 18. Bf4 Qf7 19. a3 Be6 20. Nf1 Rad8 21.
Qg3 Rd7 22. Rad1 Red8 23. Rxd7 Rxd7 24. h4 Kh8 25. Nh2 c5 26. Nf3 h6 27. Nh2 c6
28. Qf3 Qe7 29. g4 Qd8 30. g5 fxg5 31. hxg5 hxg5 32. Qh5+ Kg8 33. Bxg5 Qb6 34.
Bc1 Bf7 35. Qh3 Qd8 36. Ng4 Qe8 37. Qg3 Qe6 38. f4 Rd3 39. Nf6+ Qxf6 40. Qxd3
Qh4 41. Qe3 Bc4 42. Kg2 Be7 43. Qg3 Qh5 44. Qf3 Qg6+ 45. Kh2 Qf6 46. Qg4 Bd3
47. Kg2 c4 48. f5 b5 49. Qg6 Qh4 50. f6 Qxf6 51. Qxf6 gxf6 52. Kf3 Kf7 53. Bf4
a5 54. Bc7 a4 55. Kf4 Ke6 56. e5 fxe5+ 57. Bxe5 Bd6 58. Bxd6+ Kxd6 59. Rh1 Be2
60. Rh6+ Kc5 {Rest nicht lesbar, remis im 60.Zug} 1/2-1/2

[Event "N� LL 2004/05"]
[Site "?"]
[Date "2005.04.17"]
[Round "11"]
[White "Steinm�ller, G�nther"]
[Black "R�hrl, Karl"]
[Result "0-1"]
[WhiteElo "2053"]
[BlackElo "2225"]
[Annotator "St.P�lten : P�chlarn"]
[PlyCount "60"]

1. Nf3 g6 2. g3 Bg7 3. Bg2 d6 4. d4 f5 5. O-O Nf6 6. c4 O-O 7. Nc3 c6 8. Qc2
Qe8 9. b3 Na6 10. Bb2 Nc7 11. Rad1 Bd7 12. Rfe1 Rd8 13. e4 fxe4 14. Nxe4 Bf5
15. Nh4 Nxe4 16. Bxe4 Bxe4 17. Qxe4 Qf7 18. Re2 Rde8 19. Rde1 e6 20. Ng2 Qd7
21. Qg4 Qf7 22. Ba3 Rd8 23. Nf4 Bxd4 24. Rxe6 Nxe6 25. Rxe6 Be5 26. Nd3 Qf5 27.
Qxf5 Rxf5 28. Nxe5 Rxe5 29. Rxd6 Rxd6 30. Bxd6 Re2 0-1